Textverarbeitung mit Personalcomputern

Na minha lista:
Detalhes bibliográficos
Autor principal: Petschke, Dieter
Outros Autores: Müntefering, Peter
Formato: Livro
Idioma:alemão
Publicado em: Berlin Wirtschaft 1988
Edição:1. Aufl.
Tags: Adicionar Tag
Sem tags, seja o primeiro a adicionar uma tag!

MARC

LEADER 00000nam a2200000 4500
001 c035947
005 20221219111625.1
041 0 |a ger 
044 |a DE 
245 1 0 |a Textverarbeitung mit Personalcomputern  |c Dieter Petschke, Peter Müntefering 
250 |a 1. Aufl. 
264 1 |a Berlin  |b Wirtschaft  |c 1988 
300 |a 176 s. 
100 1 |a Petschke, Dieter 
700 1 |a Müntefering, Peter